000 00334nam a2200145Ia 4500
005 20250509052657.0
008 240331s9999 xx 000 0 und d
082 _bBAL
_a891
100 _aBalendran, M
245 0 _aAmmayee kallu
260 _aChennai
_bThirumahal Nilaiyam
_c2006
300 _a112 p.,
650 _aNovel
942 _cL
999 _c4384
_d4384